000 00689nam a2200169Ia 4500
008 090711s9999 xx 000 0 und d
082 _b72193
100 _aअदवंत म. ना.
245 _aमराठी लघुकथेSाा इतिहास (इ. स. 1890 ते 1960)
260 _bनिहारा प्रकाशन
_c1993
300 _a172
600 _aअदवंत म. ना.
630 _aमराठी लघुकथेSाा इतिहास (इ. स. 1890 ते 1960)
700 _aअदवंत म. ना.
730 _aमराठी लघुकथेSाा इतिहास (इ. स. 1890 ते 1960)
942 _cBOOK
999 _c329134
_d329134